00359nam a2200145Ia 4500008004100000020001500041041001200056082001600068100002100084245003900105250000800144260003800152300000800190650001500198221030s9999 xx 000 0 und d a8125908811 aEnglish a105.23bSri aS. C. Srivastava 0aIndustrial Relations & Labour Laws a4th bVikas Pub. HouseaNew Delhic2004 a716 aManagement